[Event "Bayamo"]
[Site "Bayamo"]
[Date "1984.??.??"]
[Round "?"]
[White "Ortega, Lexy"]
[Black "Hernandez, Roman"]
[Result "1/2-1/2"]
[WhiteElo "2360"]
[BlackElo "2460"]

1.d4 Nf6 2.Nf3 e6 3.c4 Bb4+ 4.Bd2 Qe7 5.g3 O-O 6.Bg2 Bxd2+ 7.Nbxd2 d6 8.e4 e5
9.d5 a5 10.O-O Na6 11.Qc2 Bd7 12.Ne1  1/2-1/2

[Event "Bayamo"]
[Site "Bayamo"]
[Date "1984.??.??"]
[Round "?"]
[White "Rodriguez, Amador"]
[Black "Lebredo, Gerardo"]
[Result "1-0"]
[WhiteElo "2445"]
[BlackElo "2375"]

1.d4 e6 2.c4 Nf6 3.Nf3 Bb4+ 4.Bd2 a5 5.g3 d5 6.Qc2 Nc6 7.Bg2 dxc4 8.Qxc4 Qd5
9.Qd3 O-O 10.O-O Rd8 11.Nc3 Qh5 12.Bg5 Be7 13.Qb5 a4 14.Bf4 Qxb5 15.Nxb5 Ra5
16.Nc3 Ne8 17.Rfd1 g5 18.Be3 g4 19.Ne1 a3 20.b3 Nb4 21.Rac1 b6 22.Nc2 Ba6
23.Kf1 Rh5 24.Kg1 Nd5 25.Nxd5 exd5 26.Rd2 Nd6 27.Nb4 Bb7 28.Rxc7 Nf5 29.Nc2 Rb8
30.Bf4 Bd6 31.Bxd6 Nxd6 32.Nxa3 Rh6 33.Nb1  1-0

[Event "Belgrade"]
[Site "Belgrade"]
[Date "1984.??.??"]
[Round "?"]
[White "Lukacs, Peter"]
[Black "Govedarica, Radovan"]
[Result "1/2-1/2"]
[WhiteElo "2470"]
[BlackElo "2380"]

1.d4 Nf6 2.c4 e6 3.Nf3 Bb4+ 4.Bd2 Qe7 5.g3 d5 6.Bg2 O-O 7.O-O dxc4 8.Bg5 h6
9.Bxf6 Qxf6 10.Qc2 c5 11.a3 Ba5 12.dxc5 Nd7 13.Nbd2 Bxd2 14.Nxd2 Nxc5 15.Nxc4 Bd7
16.Nd6 Qe5 17.Rac1 Qxd6 18.Qxc5 Qa6 19.Qc7 Bc6 20.Bxc6 bxc6 21.Rc2 Rac8 22.Qe5 Rfd8
23.Rfc1 Rd5 24.Qe3 Qb7 25.h4 a5 26.Rd2 Rcd8 27.Rxd5 cxd5 28.Qc3 Qb5 29.e3 Rb8
30.Qe5 Rb7 31.Kg2 Kh7 32.Rc7 a4 33.Rxb7 Qxb7 34.Qd4 Qb3 35.Kf3 Kg8 36.Ke2 Qb5+
37.Ke1 h5 38.f3 f6 39.Kd2 Qc6  1/2-1/2

[Event "Berlin op"]
[Site "Berlin-West"]
[Date "1984.??.??"]
[Round "7"]
[White "Renman, Nils Gustaf"]
[Black "Groszpeter, Attila"]
[Result "1/2-1/2"]
[WhiteElo "2405"]
[BlackElo "2480"]

1.d4 Nf6 2.Nf3 e6 3.c4 Bb4+ 4.Bd2 c5 5.g3 Qb6 6.Qb3 Nc6 7.Bxb4 Qxb4+ 8.Nbd2 Qxb3
9.Nxb3 Nb4 10.Rb1 d5 11.Nxc5 dxc4 12.a3 Nc6 13.Bg2 Rb8 14.Nd2 Nxd4 15.e3 Nf5
16.Nxc4 b6 17.Nd3 O-O 18.O-O Bb7 19.Nce5 Bxg2 20.Kxg2 Rbc8 21.Rbc1 Ne7 22.Kf3 Rxc1
23.Rxc1 Rc8 24.Rxc8+ Nxc8 25.e4 Kf8 26.Ke3 Ke8 27.Kd4 Ng8 28.f3 f6 29.Nc4  1/2-1/2

[Event "CUB-ch"]
[Site "CUB"]
[Date "1984.??.??"]
[Round "3"]
[White "Vera, Reynaldo"]
[Black "Rodriguez, Amador"]
[Result "1-0"]
[WhiteElo "2440"]
[BlackElo "2445"]

1.d4 Nf6 2.c4 e6 3.Nf3 Bb4+ 4.Bd2 a5 5.Nc3 b6 6.e3 Bb7 7.Bd3 d6 8.Qc2 Nbd7
9.e4 e5 10.Nd5 Bxd2+ 11.Qxd2 O-O 12.O-O exd4 13.Nxd4 Nc5 14.Rfe1 Re8 15.f3 c6
16.Nc3 Qe7 17.Bc2 Qf8 18.Nf5 Rad8 19.Rad1 g6 20.Nh6+ Kg7 21.Nf5+ Kg8 22.Nh6+ Kg7
23.Qg5 Bc8 24.h3 Re7 25.Ng4 Nxg4 26.hxg4 f6 27.Qe3 Be6 28.b3 g5 29.Rd2 Rb7
30.Red1 Qe7 31.e5 fxe5 32.Rxd6 Rxd6 33.Qxe5+ Qf6 34.Qxf6+ Kxf6 35.Rxd6 Rc7
36.Ne4+ Ke7 37.Rd2 Nxe4 38.Bxe4 Bg8 39.Kf2 Rd7 40.Re2 Kd6 41.Rd2+ Kc7 42.Re2 Kd6
43.Bf5 Re7 44.Rd2+ Kc5 45.Rd8 Be6 46.Bxe6 Rxe6 47.g3 Kb4 48.f4 gxf4 49.gxf4 Ka3
50.f5 Rf6 51.Rd2 b5 52.cxb5 cxb5 53.Ke3 h5 54.Kf4 hxg4 55.Kxg4 Rf8 56.Kg5 Rg8+
57.Kh6  1-0

[Event "CUB-ch"]
[Site "CUB"]
[Date "1984.??.??"]
[Round "7"]
[White "Garcia Gonzales, Guillermo"]
[Black "Hernandez, Roman"]
[Result "1/2-1/2"]
[WhiteElo "2515"]
[BlackElo "2460"]

1.d4 Nf6 2.c4 e6 3.Nf3 Bb4+ 4.Bd2 a5 5.g3 b6 6.Bg2 Bb7 7.O-O Bxd2 8.Qxd2 O-O
9.Nc3 Ne4 10.Nxe4 Bxe4 11.Ne1 Bxg2 12.Nxg2 d6 13.Rac1 Nd7 14.e4 e5 15.dxe5 dxe5
16.Rfd1 Nc5  1/2-1/2

[Event "CUB-ch"]
[Site "CUB"]
[Date "1984.??.??"]
[Round "8"]
[White "Hernandez, Roman"]
[Black "Garcia Martinez, Silvino"]
[Result "1/2-1/2"]
[WhiteElo "2460"]
[BlackElo "2450"]

1.d4 Nf6 2.Nf3 e6 3.c4 Bb4+ 4.Bd2 Qe7 5.g3 O-O 6.Bg2 Bxd2+ 7.Qxd2 d6 8.Nc3 Nbd7
9.O-O Re8 10.e4 e5 11.dxe5 Nxe5 12.Nxe5 dxe5  1/2-1/2

[Event "Troll Masters"]
[Site "Gausdal"]
[Date "1984.??.??"]
[Round "5"]
[White "Yrjola, Jouni"]
[Black "Knezevic, Milorad"]
[Result "1/2-1/2"]
[WhiteElo "2515"]
[BlackElo "2450"]

1.d4 Nf6 2.c4 e6 3.Nf3 Bb4+ 4.Bd2 Bxd2+ 5.Nbxd2 d6 6.g3 Qe7 7.Bg2 e5 8.e4 Nc6
9.d5 Nb8 10.b4 Bg4 11.O-O O-O 12.Qb3 a5 13.a3 Bxf3 14.Qxf3 Na6 15.Qc3 axb4
16.axb4 c5 17.dxc6 bxc6  1/2-1/2

[Event "Troll Masters"]
[Site "Gausdal"]
[Date "1984.??.??"]
[Round "6"]
[White "McCambridge, Vincent"]
[Black "Nykopp, Jan Michael F"]
[Result "1-0"]
[WhiteElo "2465"]
[BlackElo "2300"]

1.d4 Nf6 2.c4 e6 3.Nf3 Bb4+ 4.Bd2 Qe7 5.g3 O-O 6.Bg2 Bxd2+ 7.Qxd2 d6 8.Nc3 e5
9.O-O Nc6 10.Nd5 Nxd5 11.cxd5 Nxd4 12.Nxd4 exd4 13.Rfe1 Bd7 14.Rac1 Rfc8
15.Rc4 c5 16.dxc6 Bxc6 17.Rec1 Qe6 18.Rxd4 Bxg2 19.Rxc8+ Qxc8 20.Kxg2 Qc6+
21.f3 Rd8 22.b3 g6 23.h4 h5 24.Rd5 Re8 25.e4 Re6 26.Rd3 Qb6 27.Rd4 a6 28.Qb4 Qxb4
29.Rxb4 Re7 30.Kf2 Kf8 31.Rb6 Rc7 32.Ke3 Ke7 33.Kd4 f6 34.a4 Ke6 35.b4 Re7
36.f4 Rc7 37.a5 Rd7 38.e5 fxe5+ 39.fxe5 Ke7 40.exd6+ Ke6 41.Kc5 Ke5 42.b5 axb5
43.Rxb5 Rxd6 44.Rxb7 Rd3 45.Rb5 Ke4 46.a6 Ra3 47.Kb6 Kf3 48.a7 Kxg3 49.Ra5  1-0

[Event "Bundesliga 8384"]
[Site "Germany"]
[Date "1984.??.??"]
[Round "?"]
[White "Juhnke, Karl"]
[Black "Hartmann, Wolfram"]
[Result "1/2-1/2"]
[WhiteElo "2325"]
[BlackElo "2290"]

1.d4 Nf6 2.c4 e6 3.Nf3 Bb4+ 4.Bd2 a5 5.Nc3 O-O 6.e3 d6 7.Qc2 Nc6 8.a3 Bxc3
9.Bxc3 a4 10.e4 e5 11.dxe5 dxe5 12.Nxe5 Nxe5 13.Bxe5 Re8 14.Bxf6 Qxf6 15.Bd3 Bd7
16.O-O Bc6 17.f3 Qd4+ 18.Rf2 Re7 19.Rd1 Qc5 20.Bf1 Rae8 21.g3 f5 22.exf5 Bxf3
23.Rd2 Bc6 24.Qc3 Re5 25.f6 gxf6 26.Rd4 R8e6 27.Rg4+ Rg5 28.Rf4 Rge5 29.Rg4+ Rg5
30.Rf4  1/2-1/2

[Event "Hamburg op"]
[Site "Hamburg"]
[Date "1984.??.??"]
[Round "5"]
[White "Douven, Rudy C"]
[Black "Bischoff, Klaus"]
[Result "0-1"]
[WhiteElo "2325"]
[BlackElo "2375"]

1.d4 Nf6 2.Nf3 e6 3.c4 Bb4+ 4.Bd2 Be7 5.Nc3 d5 6.Bg5 h6 7.Bxf6 Bxf6 8.e3 O-O
9.Rc1 c6 10.Bd3 Nd7 11.O-O Be7 12.e4 dxe4 13.Nxe4 b6 14.Qe2 Bb7 15.c5 Nf6
16.Rfd1 Nd5 17.Bb1 Qc7 18.g3 Rad8 19.a3 Rfe8 20.Ne5 Bf8 21.b4 g6 22.Ba2 Bg7
23.Nd6 Rxd6 24.cxd6 Qxd6 25.Bb3 Re7 26.Rc2 Rc7 27.Nc4 Qd8 28.Ne3 Ne7 29.Qg4 Rd7
30.Ba4 h5 31.Qh4 Rxd4 32.Rxd4 Bxd4 33.Rd2 c5 34.Bc2 Qd7 35.Be4 Nd5 36.Nxd5 Bxd5
37.Bxd5 Qxd5 38.Re2 Qf3 39.Qe4 Qxa3 40.b5 Qb3 41.h4 Qxg3+  0-1

[Event "Hamburg op"]
[Site "Hamburg"]
[Date "1984.??.??"]
[Round "6"]
[White "Gheorghiu, Florin"]
[Black "Harandi, Khosro"]
[Result "1-0"]
[WhiteElo "2505"]
[BlackElo "2415"]

1.Nf3 Nf6 2.c4 e6 3.d4 Bb4+ 4.Bd2 Bxd2+ 5.Qxd2 O-O 6.g3 b6 7.Nc3 Bb7 8.d5 Qe7
9.Bg2 Qb4 10.b3 exd5 11.Nxd5 Nxd5 12.cxd5 Qxd2+ 13.Nxd2 Re8 14.e3 Na6 15.a3 c5
16.Nc4 Rab8 17.O-O Red8 18.Nd6 b5 19.Rfc1 Ba8 20.a4 b4 21.a5 Kf8 22.e4 g6
23.Bf1 Ke7 24.Nxf7 Kxf7 25.Bxa6 d6 26.Bc4 Bb7 27.f4 Ke7 28.Re1 Rf8 29.Kf2 Rbe8
30.Ke3 Kf6 31.h4 h6 32.Kd3 Re7 33.Re3 a6 34.Rae1 Rfe8 35.Kc2 Bc8 36.e5+ Kg7
37.Kd2 Rd8 38.exd6 Rxe3 39.Rxe3 Rxd6 40.Re7+  1-0

[Event "Hamburg op"]
[Site "Hamburg"]
[Date "1984.??.??"]
[Round "8"]
[White "Gheorghiu, Florin"]
[Black "Muse, Mladen"]
[Result "1-0"]
[WhiteElo "2505"]
[BlackElo "2240"]

1.c4 Nf6 2.Nf3 e6 3.d4 Bb4+ 4.Bd2 a5 5.g3 d5 6.Qc2 Nc6 7.a3 Bd6 8.Bg2 O-O
9.c5 Be7 10.Nc3 Bd7 11.O-O b6 12.cxb6 cxb6 13.Rac1 Rc8 14.Qd3 Ne8 15.e4 dxe4
16.Nxe4 Na7 17.Rxc8 Bxc8 18.Rc1 Nc7 19.Qb3 Nd5 20.Ne5 Ba6 21.Nc3 Nxc3 22.Bxc3 Bf6
23.d5 Qd6 24.dxe6 Bxe5 25.Rd1 Qb8 26.e7 Re8 27.Rd8 Rxd8 28.Bxe5 Qc8 29.exd8=Q+ Qxd8
30.Bd5 Qd7 31.Bd4 Qe8 32.h4 Nc8 33.Qc3 Ne7 34.Qe3 Qd8 35.Qe5 Qf8 36.Be4 f6
37.Qe6+ Kh8 38.Qxb6 Bc8 39.Bc5 Qe8 40.Qxa5  1-0

[Event "Hamburg op"]
[Site "Hamburg"]
[Date "1984.??.??"]
[Round "11"]
[White "Douven, Rudy C"]
[Black "Harandi, Khosro"]
[Result "0-1"]
[WhiteElo "2325"]
[BlackElo "2415"]

1.d4 Nf6 2.Nf3 e6 3.c4 Bb4+ 4.Bd2 Bxd2+ 5.Qxd2 O-O 6.Nc3 d5 7.e3 Qe7 8.Qc2 Rd8
9.cxd5 exd5 10.Bd3 Nc6 11.O-O Bg4 12.Be2 a6 13.a3 Rd6 14.Rfc1 Re8 15.h3 Bc8
16.Bd3 Ne4 17.Bxe4 dxe4 18.Nd2 Rg6 19.Ne2 Bxh3 20.Nf4 Rxg2+ 21.Kf1 Qh4 22.Nxg2 Qg4
23.Ke1 Qxg2 24.Qc4 Qg1+ 25.Nf1 Na5 26.Qe2 Nb3 27.Rab1 Nxc1 28.Rxc1 Bd7  0-1

[Event "HUN-ch"]
[Site "HUN"]
[Date "1984.??.??"]
[Round "11"]
[White "Lukacs, Peter"]
[Black "Farago, Ivan"]
[Result "1/2-1/2"]
[WhiteElo "2470"]
[BlackElo "2525"]

1.d4 Nf6 2.c4 e6 3.Nf3 Bb4+ 4.Bd2 Qe7 5.g3 Nc6 6.Bg2 Bxd2+ 7.Nbxd2 d6 8.O-O a5
9.e4 e5 10.d5 Nb8 11.Ne1 O-O 12.Nd3 Na6 13.b3 c6 14.Qe2 cxd5 15.cxd5 Bd7
16.Rfc1 Rfc8 17.Bf1 Bb5  1/2-1/2

[Event "Jajce (Women)"]
[Site "Jajce"]
[Date "1984.??.??"]
[Round "?"]
[White "Macek, Vlasta"]
[Black "Szmacinska, Grazyna"]
[Result "1-0"]
[WhiteElo "2085"]
[BlackElo "2105"]

1.d4 Nf6 2.c4 e6 3.Nf3 Bb4+ 4.Bd2 a5 5.e3 b6 6.Bd3 Bb7 7.O-O O-O 8.a3 Be7
9.Nc3 d5 10.cxd5 exd5 11.Rc1 Ne4 12.Qc2 f5 13.Ne5 Na6 14.Bb5 Rf6 15.Nxe4 fxe4
16.Bc6 Bxc6 17.Nxc6 Qd7 18.b4 axb4 19.Bxb4 Bxb4 20.axb4 b5 21.Qc3 Raf8 22.Rc2 Qf7
23.Qa1 Ra8 24.Qc1 Rh6 25.f4 exf3 26.Rxf3 Qd7 27.Ne5 Qd6 28.Rc6 Qe7 29.Rxh6 gxh6
30.Qc6  1-0

[Event "JUG-ch"]
[Site "?"]
[Date "1984.??.??"]
[Round "5"]
[White "Rajkovic, Dusan"]
[Black "Ivanovic, Bozidar"]
[Result "1/2-1/2"]
[WhiteElo "2440"]
[BlackElo "2525"]

1.d4 Nf6 2.c4 e6 3.Nf3 Bb4+ 4.Bd2 a5 5.g3 d5 6.Qc2 Nc6 7.Bg2 Ne4 8.O-O f5
9.Bf4 Be7 10.Nc3 g5 11.Be5 O-O 12.Rac1 Nxc3 13.bxc3 a4 14.cxd5 exd5 15.c4 Be6
16.cxd5 Bxd5 17.Ne1 Nb4 18.Bxd5+ Nxd5 19.Rb1 Qc8 20.Ng2 Bf6 21.Rfc1 c6 22.e4 fxe4
23.Qxe4 Qd7 24.Ne3 Nxe3 25.Qxe3 Rae8 26.Rc5 Rf7 27.Rbc1 Re6 28.Ra5 b5 29.Ra8+ Rf8
30.Rxf8+ Kxf8 31.f4 Bxe5 32.fxe5 Ke8 33.Qe4 h6 34.Rc5 Kd8 35.Kg2 Qe8 36.Qd3 Qd7
37.Qe4 Qe8 38.Qd3 Qd7  1/2-1/2

[Event "White Knights"]
[Site "Leningrad"]
[Date "1984.??.??"]
[Round "?"]
[White "Pytel, Krzysztof"]
[Black "Taimanov, Mark E"]
[Result "1/2-1/2"]
[WhiteElo "2410"]
[BlackElo "2515"]

1.d4 Nf6 2.c4 e6 3.Nf3 Bb4+ 4.Bd2 a5 5.g3 d5 6.Qc2 Nc6 7.Bg2 dxc4 8.Qxc4 Qd5
9.Qd3 Qe4 10.Qxe4 Nxe4 11.a3 Nxd2 12.Nbxd2 Be7 13.Rc1 O-O 14.O-O Bd7 15.Ne4 Rfb8
16.Nc5 Be8 17.e3 Ra7 18.Nd2 Nd8 19.Nc4  1/2-1/2

[Event "White Knights"]
[Site "Leningrad"]
[Date "1984.??.??"]
[Round "?"]
[White "Hjartarson, Johann"]
[Black "Rivas Pastor, Manuel"]
[Result "0-1"]
[WhiteElo "2415"]
[BlackElo "2500"]

1.d4 Nf6 2.c4 e6 3.Nf3 Bb4+ 4.Bd2 Qe7 5.g3 Nc6 6.Nc3 d5 7.a3 Bxc3 8.Bxc3 a5
9.Bg2 O-O 10.O-O Rd8 11.Qc2 Ne4 12.Rfd1 Nxc3 13.Qxc3 a4 14.Rac1 Bd7 15.Qe3 Rac8
16.Qf4 Be8 17.cxd5 exd5 18.Rd3 Qd6 19.Rdc3 Qxf4 20.gxf4 Kf8 21.e3 Ke7 22.Rc5 Rd6
23.Nh4 Bd7 24.Bxd5 Nxd4 25.Bxb7 Ne2+ 26.Kg2 Rb8 27.Re1 Rxb7 28.Rxe2 Rdb6
29.Rcc2 Bc6+ 30.e4 Bd7 31.f5 g6 32.fxg6 hxg6 33.Red2 Rb3 34.Nf3 c5 35.Ne5 Bh3+
36.Kg1 Rxa3 37.f3 Ra2 38.Nd3 Rd7 39.Kf2 a3 40.Ke3 Bf1 41.Nxc5  0-1

[Event "White Knights"]
[Site "Leningrad"]
[Date "1984.??.??"]
[Round "?"]
[White "Vyzmanavin, Alexey"]
[Black "Rivas Pastor, Manuel"]
[Result "1-0"]
[WhiteElo "2470"]
[BlackElo "2500"]

1.c4 e6 2.d4 Nf6 3.Nf3 Bb4+ 4.Bd2 Qe7 5.g3 Nc6 6.Nc3 d5 7.a3 Bxc3 8.Bxc3 Ne4
9.Qc2 a5 10.b3 Nxc3 11.Qxc3 O-O 12.Bg2 a4 13.b4 dxc4 14.Qxc4 e5 15.d5 Na7
16.O-O c6 17.Rfd1 cxd5 18.Qxd5 Nc6 19.b5 Ra5 20.Rab1 Rd8 21.Qc4 Be6 22.Rxd8+ Qxd8
23.Qc3 Qb6 24.Qd3 Nd4 25.Nxd4 exd4 26.Rb4 g6 27.h4 Bb3 28.Qe4 Qc5 29.Qxb7 Qc1+
30.Kh2 Qxa3 31.Qb8+ Kg7 32.Qe5+ Kh6 33.g4 Be6 34.g5+ Kh5 35.Bf3+  1-0

[Event "SWE-ch"]
[Site "Linkoping"]
[Date "1984.??.??"]
[Round "?"]
[White "Setterqvist, Kurt"]
[Black "Renman, Nils Gustaf"]
[Result "0-1"]
[WhiteElo "2200"]
[BlackElo "2420"]

1.d4 Nf6 2.Nf3 e6 3.c4 Bb4+ 4.Bd2 a5 5.g3 b6 6.Bg2 Bb7 7.O-O O-O 8.Bf4 Be7
9.Nc3 Ne4 10.Nxe4 Bxe4 11.Ne1 Bxg2 12.Nxg2 d6 13.Qc2 Bf6 14.Rad1 Nc6 15.Be3 Qe8
16.Nf4 g6 17.f3 Bg7 18.Bf2 a4 19.Kg2 Qc8 20.e3 Re8 21.Rfe1 Qb7 22.Re2 Nb4
23.Qd2 Na6 24.e4 Nb8 25.Ree1 Ra6 26.Nd3 Ra8 27.Nf4 Nd7 28.Nd3 c5 29.d5 exd5
30.exd5 b5 31.Qc2 Qa6 32.b3 axb3 33.axb3 bxc4 34.bxc4 Rxe1 35.Rxe1 Nb6 36.Rc1 Qa2
37.Kh3 Bf6 38.Nxc5 dxc5 39.Bxc5 Nd7 40.Be3 Qxc2 41.Rxc2 Ra3 42.Bf2 Rc3 43.Rxc3 Bxc3
44.c5 Nf6 45.d6 Bb4 46.Bd4 Nd5 47.Kg4 f6 48.f4 Kf7 49.f5 Ba3 50.Bg1 Nb4 51.Bd4 Nc6
52.Be3 Ne5+ 53.Kf4 Bxc5 54.Bxc5 Nd3+ 55.Ke4 Nxc5+ 56.Kd5 Nd7 57.Kc6 Ke8 58.fxg6 hxg6
59.g4 Ne5+ 60.Kc7 f5 61.gxf5 gxf5  0-1

[Event "London P&D Knights"]
[Site "London"]
[Date "1984.??.??"]
[Round "8"]
[White "Arkell, Keith C"]
[Black "Jackson, Sheila"]
[Result "1-0"]
[WhiteElo "2295"]
[BlackElo "2185"]

1.d4 Nf6 2.c4 e6 3.Nf3 Bb4+ 4.Bd2 c5 5.g3 Bxd2+ 6.Qxd2 cxd4 7.Bg2 d5 8.cxd5 Qxd5
9.Qxd4 Nc6 10.Qxd5 Nxd5 11.O-O O-O 12.Rd1 Nde7 13.Nc3 e5 14.Nb5 Bg4 15.h3 Bxf3
16.Bxf3 Rad8 17.e3 a6 18.Nd6 Rd7 19.Rac1 Rb8 20.a3 f5 21.Bxc6 bxc6 22.Nc4 Rxd1+
23.Rxd1 e4 24.Rd7 Kf8 25.Ra7 Ke8 26.Rxa6 Kd7 27.b4 Rb7 28.Ra8 Ke6 29.Rd8 Rb5
30.Rd6+ Kf7 31.Rxc6 Nxc6 32.Nd6+ Ke6 33.Nxb5 Kd5 34.Nd4 Ne7 35.b5 Kc5 36.a4 Kb6
37.g4 fxg4 38.hxg4 Nd5 39.Nf5 Nc3 40.Nxg7 Nxa4 41.Nh5 Nc5 42.Nf6 h6 43.Ng8 Kxb5
44.Nxh6 Ne6 45.Kg2 Kc5 46.Nf7 Kd5 47.Kg3 Nc5 48.Kf4 Nd3+ 49.Kf5 Nxf2 50.g5 Nd1
51.g6 Nxe3+ 52.Kg5 Nc2 53.g7 e3 54.g8=Q e2 55.Ne5+ Ke4 56.Qh7+ Kxe5  1-0

[Event "London P&D Knights"]
[Site "London"]
[Date "1984.??.??"]
[Round "14"]
[White "Lawton, Geoffrey W"]
[Black "Jackson, Sheila"]
[Result "1-0"]
[WhiteElo "2395"]
[BlackElo "2185"]

1.d4 Nf6 2.c4 e6 3.Nf3 Bb4+ 4.Bd2 c5 5.Bxb4 cxb4 6.Nbd2 O-O 7.e4 d6 8.Bd3 Qe7
9.e5 dxe5 10.dxe5 Nfd7 11.Qc2 b6 12.O-O-O Nc6 13.Rhe1 h6 14.g4 Bb7 15.g5 hxg5
16.Rg1 Rfd8 17.Rde1 Nc5 18.Bh7+ Kf8 19.Nxg5 b3 20.Nxb3 Nb4 21.Qe2 Nxa2+ 22.Kb1 Nxb3
23.Qh5 Nb4 24.Re3 Nd2+ 25.Ka1 Qd7 26.Ra3 Nxc4 27.Bb1 Nd5 28.Nh7+ Ke8 29.Rxg7 Qe7
30.Rf3 Nxe5 31.Qxe5 Qh4 32.Qxe6+ Qe7 33.Rg8+  1-0

[Event "Moscow-ch"]
[Site "Moscow"]
[Date "1984.??.??"]
[Round "?"]
[White "Andrianov, Nikolai"]
[Black "Rashkovsky, Nukhim N"]
[Result "1/2-1/2"]
[WhiteElo "2400"]
[BlackElo "2470"]

1.d4 Nf6 2.c4 e6 3.Nf3 Bb4+ 4.Bd2 a5 5.g3 b6 6.Bg2 Bb7 7.O-O O-O 8.Bg5 Be7
9.Bxf6 Bxf6 10.Nc3 d6 11.Qd2 Nd7 12.Rad1 g6 13.Ne1 Bxg2 14.Kxg2 Bg7 15.e4 Qb8
16.f4 Qb7 17.Nf3 Rfe8 18.Rfe1 Rad8  1/2-1/2

[Event "Neskaupstad"]
[Site "Neskaupstad"]
[Date "1984.??.??"]
[Round "?"]
[White "Schussler, Harry"]
[Black "Sigurjonsson, Gudmundur"]
[Result "1/2-1/2"]
[WhiteElo "2445"]
[BlackElo "2470"]

1.d4 Nf6 2.c4 e6 3.Nf3 Bb4+ 4.Bd2 Bxd2+ 5.Qxd2 O-O 6.Nc3 d5 7.e3 Qe7 8.Rc1 Rd8
9.cxd5 exd5 10.Qc2 c6 11.Bd3 Nbd7 12.O-O Nf8 13.Rb1 Bg4 14.Ne5 Bh5 15.b4  1/2-1/2

[Event "Neskaupstad"]
[Site "Neskaupstad"]
[Date "1984.??.??"]
[Round "?"]
[White "Hjartarson, Johann"]
[Black "Olafsson, Helgi"]
[Result "1/2-1/2"]
[WhiteElo "2415"]
[BlackElo "2445"]

1.d4 Nf6 2.c4 e6 3.Nf3 Bb4+ 4.Bd2 Bxd2+ 5.Qxd2 O-O 6.Nc3 d5 7.e3 Qe7 8.Rc1 Rd8
9.Be2 dxc4 10.Bxc4 c5 11.Qe2 cxd4  1/2-1/2

[Event "New York op"]
[Site "New York"]
[Date "1984.??.??"]
[Round "2"]
[White "Schroer, Jonathan"]
[Black "Sharif, Mershad"]
[Result "0-1"]
[WhiteElo "2315"]
[BlackElo "2440"]

1.d4 Nf6 2.c4 e6 3.Nf3 Bb4+ 4.Bd2 Qe7 5.g3 Nc6 6.Bg2 Bxd2+ 7.Nbxd2 O-O 8.O-O d6
9.e4 a5 10.h3 e5 11.d5 Nb8 12.Ne1 c6 13.Nd3 Na6 14.f4 exf4 15.gxf4 Nd7 16.Qf3 Ndc5
17.Nxc5 Nxc5 18.Rae1 Bd7 19.Qg3 cxd5 20.cxd5 Rac8 21.Nc4 Bb5 22.f5 f6 23.Nxd6 Bxf1
24.Nxc8 Rxc8 25.Kxf1 Nd7 26.d6 Qf7 27.Qb3 Qxb3 28.axb3 Ne5 29.Rd1 Kf8 30.Kf2 Rc2+
31.Kg3 Ke8 32.Bf1 Rxb2 33.Bc4 Nxc4 34.bxc4 a4 35.Kf4 a3 36.e5 fxe5+ 37.Kxe5 a2
38.Ra1 b6 39.c5 bxc5 40.Kd5 Kd7 41.Kxc5 Rf2 42.f6 gxf6 43.h4 h5 44.Rg1 Rf5+
45.Kc4 Ra5  0-1

[Event "Novi Sad"]
[Site "Novi Sad"]
[Date "1984.??.??"]
[Round "?"]
[White "Torre, Eugenio"]
[Black "Kurajica, Bojan"]
[Result "1-0"]
[WhiteElo "2530"]
[BlackElo "2530"]

1.d4 Nf6 2.c4 e6 3.Nf3 Bb4+ 4.Bd2 Be7 5.Nc3 O-O 6.Qc2 d5 7.Bg5 dxc4 8.e4 Nc6
9.Rd1 Nb4 10.Qb1 Nd3+ 11.Bxd3 cxd3 12.Qxd3 b6 13.e5 Nd5 14.Nxd5 exd5 15.Bxe7 Qxe7
16.O-O Bg4 17.Rc1 Bxf3 18.Qxf3 c5 19.dxc5 Qxe5 20.b4 bxc5 21.Rxc5 Rfd8 22.Rd1 Qe4
23.Qxe4 dxe4 24.Rxd8+ Rxd8 25.Kf1 g6 26.Ra5 Rd4 27.a3 Rd7 28.g4 e3 29.fxe3 h6
30.h4 f6 31.Ke2 Kf7 32.Kf3 Re7 33.Kf4 Rc7 34.e4 Re7 35.h5 Kg7 36.hxg6 Kxg6
37.Ra6 Kg7 38.a4 Kf7 39.b5 Kg7 40.Rd6 Kg6 41.a5 Rc7 42.Rd1 Rc2 43.Rb1  1-0

[Event "NOR-ch"]
[Site "Oslo"]
[Date "1984.??.??"]
[Round "11"]
[White "Scholseth, Tor Kristian"]
[Black "Agdestein, Espen"]
[Result "1/2-1/2"]
[WhiteElo "2200"]
[BlackElo "2280"]

1.c4 e6 2.Nf3 Nf6 3.d4 Bb4+ 4.Bd2 a5 5.Qc2 d5 6.a3 Be7 7.Bg5 O-O 8.e3 h6
9.Bh4 b6 10.cxd5 exd5 11.Nc3 Bb7 12.Be2 Nbd7 13.O-O Ne8 14.Bxe7 Qxe7 15.Ne1 c6
16.Nd3 Nd6 17.Nf4 Rfe8 18.Rfe1 Rab8 19.Bd3 Nf6 20.Qe2 c5 21.dxc5 bxc5 22.Rad1 Qe5
23.Qd2 Bc6 24.Bf1 c4  1/2-1/2

[Event "CAN-ch"]
[Site "Ottawa"]
[Date "1984.??.??"]
[Round "12"]
[White "Nickoloff, Bryon"]
[Black "Kopec, Danny"]
[Result "0-1"]
[WhiteElo "2420"]
[BlackElo "2390"]

1.d4 Nf6 2.c4 e6 3.Nf3 Bb4+ 4.Bd2 a5 5.g3 d5 6.Qc2 Nc6 7.a3 Be7 8.Bg2 O-O
9.O-O Ne4 10.Rd1 f5 11.Nc3 Bf6 12.Be3 Ne7 13.Ne5 Bd7 14.cxd5 exd5 15.Qb3 a4
16.Qxb7 Rb8 17.Qa6 Rxb2 18.Nxd7 Qxd7 19.Nxa4 Rbb8 20.Bxe4 fxe4 21.Nc5 Qg4
22.Qe6+ Qxe6 23.Nxe6 Rfc8 24.g4 Rb6 25.Nc5 Nc6 26.Rac1 Na5 27.Bd2 Nc4 28.Bb4 e3
29.f3 Nb2 30.Nd7 Re6 31.Nxf6+ gxf6 32.Re1 Nc4 33.Rc3 f5 34.gxf5 Rf6 35.Kh1 Rxf5
36.Rg1+ Kf7 37.Rcc1 Rf4 38.Bc5 Nd2 39.Rc3 Re8 40.Bb4 Nc4 41.Bc5 Rb8 42.Rcc1 Rb2
43.Rge1 Nd2 44.Bb4 Nc4 45.Bc5 Nd2 46.Ba7 Nc4 47.Rb1 Rc2 48.Bc5 Ke6 49.Rb8 Kd7
50.Rg8 Rf7 51.Kg2 Nd2 52.Rf8 Rg7+ 53.Kh3 Nb3 54.Rf5 Nc1 55.Rxd5+ Kc6 56.Rxc1 Rxc1
57.Re5 Rc3 58.f4 Rg1 59.Bb4 Rb3 60.f5 Rf1 61.Kg4 Rf2 62.d5+ Kd7 63.Re7+ Kd8
64.Rxh7 Rxe2 65.Be7+ Kc8 66.Bc5 Rg2+ 67.Kf4 Rf2+ 68.Kg5 e2 69.Re7 Rbf3 70.Re5 Rxh2
71.d6 cxd6 72.Bxd6 Rxf5+ 73.Rxf5 Rg2+  0-1

[Event "Pernik"]
[Site "Pernik"]
[Date "1984.??.??"]
[Round "9"]
[White "Nenkov, Ljudmil"]
[Black "Spiridonov, Nikola"]
[Result "1/2-1/2"]
[WhiteElo "2245"]
[BlackElo "2455"]

1.d4 Nf6 2.c4 e6 3.Nf3 Bb4+ 4.Bd2 c5 5.Bxb4 cxb4 6.a3 Qa5 7.Nbd2 O-O 8.e3 d6
9.Bd3 Nc6 10.axb4 Qxb4 11.O-O Qb6 12.Rc1 Bd7 13.c5 dxc5 14.Rxc5 Rfc8 15.Nc4 Qc7
16.Nce5 Qd8 17.Nxd7 Qxd7 18.Bb5 Qd6 19.Qa4 Nd7 20.Rcc1 Nb6 21.Qa3 Qxa3 22.bxa3 Ne7
23.Ne5 Rxc1 24.Rxc1 Rc8 25.Rxc8+ Nbxc8 26.Kf1 Nd6 27.Bd3 h6 28.Ke1 Kf8 29.Kd2 Nd5
30.Kc2 Ke7 31.Kb3 f6 32.Nc4 Nxc4 33.Kxc4 Kd6 34.Be4 b5+ 35.Kb3 a5 36.Bd3 Kc6
37.e4 Nf4 38.Bf1 e5 39.g3 Ng6 40.Kc3 Nh8 41.h4 g5 42.hxg5 hxg5 43.Bh3 Nf7
44.Be6 Nd6 45.Kd3 b4 46.axb4 axb4 47.dxe5 fxe5 48.Ke3 Nb5 49.f4 Kd6 50.Bc4 Nd4
51.fxg5 Ke7 52.Kd3  1/2-1/2

[Event "Plovdiv"]
[Site "Plovdiv"]
[Date "1984.??.??"]
[Round "5"]
[White "Spassov, Liuben"]
[Black "Rivas Pastor, Manuel"]
[Result "1/2-1/2"]
[WhiteElo "2475"]
[BlackElo "2500"]

1.d4 Nf6 2.c4 e6 3.Nf3 Bb4+ 4.Bd2 Qe7 5.Nc3 O-O 6.Qc2 d5 7.a3 Bxc3 8.Bxc3 b6
9.b3 c5 10.e3 Bb7 11.Be2 Nbd7 12.O-O Rac8 13.dxc5 Nxc5 14.Qb2 Rfd8 15.Rfd1 dxc4
16.Bxc4 Na4 17.bxa4 Rxc4 18.Bb4 Qe8 19.Ne5 Rcc8 20.a5 bxa5 21.Rxd8 Qxd8 22.Bxa5 Qd5
23.Nf3 Qxa5 24.Qxb7 Qc7 25.Qa6 Rb8 26.h3 h6 27.Qd3  1/2-1/2

[Event "Plovdiv"]
[Site "Plovdiv"]
[Date "1984.??.??"]
[Round "12"]
[White "Spassov, Liuben"]
[Black "Inkiov, Ventzislav"]
[Result "0-1"]
[WhiteElo "2475"]
[BlackElo "2490"]

1.d4 Nf6 2.c4 e6 3.Nf3 Bb4+ 4.Bd2 Qe7 5.g3 O-O 6.Bg2 Bxd2+ 7.Nbxd2 d6 8.O-O e5
9.e4 c5 10.d5 Bg4 11.Qc2 Bxf3 12.Nxf3 Nbd7 13.Nd2 g6 14.f4 Nh5 15.Bh3 exf4
16.gxf4 f5 17.Qc3 Qh4 18.Qe3 Rae8 19.Rae1 Re7 20.Re2 Rfe8 21.Rg2 Kh8 22.Qc3+ Ndf6
23.Kh1 b6 24.a4 a5 25.Rgg1 Ng7 26.e5 dxe5 27.fxe5 Ne4 28.Nxe4 Qxe4+ 29.Bg2 Qxe5
30.Qxe5 Rxe5 31.d6 Rd8 32.Rd1 Ne6 33.Rd5 Rxd5 34.cxd5 Nf4  0-1

[Event "Plovdiv"]
[Site "Plovdiv"]
[Date "1984.??.??"]
[Round "13"]
[White "Peev, Peicho Chonev"]
[Black "Spassov, Liuben"]
[Result "1-0"]
[WhiteElo "2405"]
[BlackElo "2475"]

1.d4 Nf6 2.c4 e6 3.Nf3 Bb4+ 4.Bd2 Bxd2+ 5.Qxd2 O-O 6.Nc3 d5 7.e3 Qe7 8.Rc1 Rd8
9.cxd5 exd5 10.Bd3 b6 11.O-O Bb7 12.Ne5 c5 13.f4 Nbd7 14.Qe2 Rac8 15.a3 Nf8
16.Rcd1 Ne6 17.Bb1 a6 18.g4 Ne4 19.Bxe4 dxe4 20.d5 Nf8 21.Qc4 b5 22.Qxe4 f6
23.Nc6 Qxe4 24.Nxe4 Bxc6 25.dxc6 Rxd1 26.Rxd1 Rxc6 27.f5 Kf7 28.Rd5 c4 29.Kf2 Ke7
30.Nc5 Rb6 31.Ke2 a5 32.e4 Rd6 33.Ke3 Rxd5 34.exd5 Kd6 35.Kd4 Ke7 36.h3 g6
37.a4 bxa4 38.Kxc4 gxf5 39.gxf5 h5 40.h4 Kd6 41.Kd4 Ke7 42.Ne4 Nd7 43.d6+ Kf7
44.Kd5 Ne5 45.Nc5 Nf3 46.Nb7 Ne5 47.Nxa5 Nd3 48.Nc6 Ke8 49.Nb8  1-0

[Event "Plovdiv"]
[Site "Plovdiv"]
[Date "1984.??.??"]
[Round "13"]
[White "Inkiov, Ventzislav"]
[Black "Taimanov, Mark E"]
[Result "1/2-1/2"]
[WhiteElo "2490"]
[BlackElo "2515"]

1.d4 Nf6 2.c4 e6 3.Nf3 Bb4+ 4.Bd2 a5 5.Nc3 d6 6.Qc2 Qe7 7.a3 Bxc3 8.Bxc3 Nbd7
9.b3 e5 10.e3 O-O 11.Be2 Re8 12.O-O  1/2-1/2